Úvod do problematiky environmentálního rizika
Pojem riziko. Riziko z environmentálneho hľadiska. Hodnotenie, kontrola a riadenie rizík. Štruktúra a analýza rizík.
Gespeichert in:
| 1. Verfasser: | |
|---|---|
| Weitere Verfasser: | |
| Format: | Buchkapitel |
| Sprache: | Tschechisch |
| Schlagworte: | |
| Tags: |
Keine Tags, Fügen Sie das erste Tag hinzu!
|
MARC
| LEADER | 00000naa a2200000 4500 | ||
|---|---|---|---|
| 001 | 0161515 | ||
| 005 | 20231208080840.5 | ||
| 041 | 0 | |a cze | |
| 044 | |a SK | ||
| 245 | 1 | 0 | |a Úvod do problematiky environmentálního rizika |c Václav Dombek, Vojtech Dirner |
| 520 | |a Pojem riziko. Riziko z environmentálneho hľadiska. Hodnotenie, kontrola a riadenie rizík. Štruktúra a analýza rizík. | ||
| 610 | 2 | 0 | |a riziko |
| 610 | 2 | 0 | |a riadenie rizík |
| 610 | 2 | 0 | |a politika environmentálna |
| 610 | 2 | 0 | |a politika ekologická |
| 610 | 2 | 0 | |a ochrana prostredia životného |
| 100 | 1 | |a Dombek, Václav | |
| 700 | 1 | |a Dirner, Vojtech | |